National Anthem of Switzerland (Italian) - Salmo svizzero - Statistics

General Stats
  • This quiz has been taken 3 times
  • The average score is 18 of 40
Answer Stats
Lyrics % Correct
a
100%
in
100%
in
100%
aurora
67%
Dio
67%
Dio,
67%
Dio
67%
lo
67%
lo
67%
mattin
67%
allor
33%
bionda
33%
ciel!
33%
c'indora
33%
cittadino
33%
cittadino
33%
del
33%
del
33%
del
33%
favor
33%
favor
33%
già
33%
il
33%
l'alma
33%
l'alpe
33%
mia
33%
patrio
33%
patrio
33%
pregare
33%
Quando
33%
Quando
33%
re
33%
rosseggia
33%
si
33%
suol,
33%
suol,
33%
t'adora
33%
t'atteggia;
33%
vuol,
33%
vuol.
33%
No matching quizzes found
Score Distribution
Percent of People with Each Score
Percentile by Number Answered
Your Score History
You have not taken this quiz